XI Roku 2005 wg Tygodnika "Piłka Nożna" (spoza Europy) - Statystyki

Ogólne statystyki
  • Ten quiz został rozwiązany 69 razy
  • Średni wynik to 7 z 11
Statystyki odpowiedzi
Pozycja Kraj Klub Zawodnik % Poprawnych
LS Brazylia Barcelona Ronaldinho
95%
BR Brazylia Milan Dida
94%
N Kamerun Barcelona Samuel Eto'o
89%
ŚP Brazylia Milan Kaka
79%
ŚO Meksyk Barcelona Rafael Marquez
76%
ŚO Brazylia Bayern Lucio
75%
N Brazylia Inter Adriano
73%
PS/ŚPO Argentyna Villarreal Juan Roman Riquelme
49%
ŚP Brazylia Juventus Emerson
17%
PO Kamerun Arsenal Lauren
16%
LO Brazylia Barcelona Sylvinho
16%
Nie znaleziono quizów pasujących do podanych kryteriów
Rozkład punktacji
Procent ludzi z każdym wynikiem
Percentyl według liczby udzielonych odpowiedzi
Twoja historia wyników
Nie rozwiązałeś tego quizu